|
|
|
|
| LEADER |
01967nem a22004332a 4500 |
| 001 |
mzk03001055701 |
| 003 |
CZ BrMZK |
| 005 |
20110316111114.0 |
| 007 |
aj|ca||| |
| 008 |
071004q17201740gw ij|||||a|||r|0|||gerod |
| 034 |
1 |
|
|a a
|b 1700000
|d E0093000
|e E0104800
|f N0503500
|g N0485800
|
| 040 |
|
|
|a BOA001
|b cze
|
| 043 |
|
|
|a e-gx---
|
| 072 |
|
7 |
|a 912:904
|x Staré mapy
|2 Konspekt
|9 7
|
| 080 |
|
|
|a (084.3)
|2 MRF
|
| 080 |
|
|
|a (430.129)
|2 MRF
|
| 080 |
|
|
|a 912.43:069.5
|2 MRF
|
| 100 |
1 |
|
|a Weigel, Johann Christoph,
|d 1661-1726
|7 mzk2006356134
|4 aut
|
| 245 |
1 |
0 |
|a Bischthum Würtzburg im Fränckischen Creisse mit seinen Gräntzen
|h [kartografický dokument]
|
| 255 |
|
|
|a Měřítko [ca 1:1 700 000]. 3,4 cm = Gemeine Teutsche Meilen 15 auff einen Grad gerechnet
|c (009°30´00" v.d.--010°48´00" v.d./050°35´00" s.š.--048°58´00" s.š.)
|
| 260 |
|
|
|a [Nürnberg :
|b Johann C. Weigel,
|c mezi 1720 a 1740]
|
| 300 |
|
|
|a 1 mapa :
|b mědirytina, ručně kolorovaná, podlepená papírem ;
|c 17 x 13 cm na listu 18,5 x 14,5 cm
|
| 500 |
|
|
|a Podlepeno papírem o velikosti 58 x 65 cm
|
| 500 |
|
|
|a Výzdoba: V levém horním rohu ozdobná nápisová kartuše, v pravém horním rohu měřítko, v pravém dolním rohu sokl s legendou, v mapovém rámci geografické souřadnice
|
| 510 |
3 |
|
|a IKAR
|
| 510 |
4 |
|
|a Kuchař, K. Mapová sbírka B.P. Molla,
|c s. 368
|
| 655 |
|
7 |
|a historické mapy
|7 fd186723
|2 czenas
|
| 650 |
0 |
4 |
|a Mollova mapová sbírka
|
| 650 |
0 |
7 |
|a mapové sbírky
|z Česko
|7 ph182407
|2 czenas
|
| 610 |
2 |
7 |
|a Moravská zemská knihovna (Brno, Česko).
|b Mapová sbírka B.P. Molla
|7 mzk2005304487
|2 czenas
|
| 651 |
|
7 |
|a Würzburg (Německo : oblast)
|7 ge413405
|2 czenas
|
| 856 |
4 |
1 |
|u http://mapy.mzk.cz/mzk03/001/055/701/2619321320
|y Digitalizovaný dokument
|
| 903 |
|
|
|a RP
|
| 910 |
|
|
|a BOA001
|b Moll-0003.920
|
| 978 |
|
|
|b Weigel, Johann Christoph
|a Nürnberg
|c 1720-1740
|
| 984 |
|
|
|a Norimberk
|b Německo
|
| 985 |
|
|
|a 1701-1750
|
| 990 |
|
|
|a MP
|
| 991 |
|
|
|k mzk
|